00430 a2200145 4500001000700000003000400007005001700011008004100028082001800069100001900087245011900106260002900225300001000254700002000264132438OSt20211027150212.0  a658.827bL63P1 aLincoln, Keith1 aPrivate label : turning the retail brand threat into your biggest opportunitycby Keith Lincoln and Lars Thomassen aLondonbKogan Pagec2008 a297p. aThomassen, Lars